00254nam a2200109Ia 4500100001900000654002300019245002300042260004400065082001500109300000800124546001200132 aBiegel/John E  aProduction Control aProduction Control bPrentice Hall of IndiaaNEW DELHIc1987 a604.2bBie a282 aENGLISH